Реализация компонента разбора документов формата WITSML; Технологии Microsoft в теории и практике программирования
| Parent link: | Технологии Microsoft в теории и практике программирования.— 2015.— [С. 192-194] |
|---|---|
| Yazar: | |
| Müşterek Yazar: | |
| Diğer Yazarlar: | |
| Özet: | Заглавие с титульного листа. The article is devoted to developing WITSML-parser component for processing and storage data system. WITSML is open standard based on XML designed for transfer well drilling data. It is described design of parser which implementation based on Reflection, advantages and disadvantages such approach. |
| Dil: | Rusça |
| Baskı/Yayın Bilgisi: |
2015
|
| Seri Bilgileri: | Технологии разработки и проектирования информационных систем |
| Konular: | |
| Online Erişim: | http://earchive.tpu.ru/handle/11683/23867 http://www.lib.tpu.ru/fulltext/c/2015/C28/086.pdf |
| Materyal Türü: | MixedMaterials Elektronik Kitap Bölümü |
| KOHA link: | https://koha.lib.tpu.ru/cgi-bin/koha/opac-detail.pl?biblionumber=614594 |
MARC
| LEADER | 00000naa2a2200000 4500 | ||
|---|---|---|---|
| 001 | 614594 | ||
| 005 | 20231101132821.0 | ||
| 035 | |a (RuTPU)RU\TPU\conf\12764 | ||
| 035 | |a RU\TPU\conf\12763 | ||
| 090 | |a 614594 | ||
| 100 | |a 20151002d2015 k y0rusy50 ca | ||
| 101 | 0 | |a rus |d eng | |
| 102 | |a RU | ||
| 105 | |a y z 100zy | ||
| 135 | |a drgn ---uucaa | ||
| 181 | 0 | |a i | |
| 182 | 0 | |a b | |
| 200 | 1 | |a Реализация компонента разбора документов формата WITSML |f А. Ю. Черкашин, А. Ф. Тузовский |g науч. рук. А. Ф. Тузовский | |
| 203 | |a Текст |c электронный | ||
| 225 | 1 | |a Технологии разработки и проектирования информационных систем | |
| 230 | |a 1 компьютерный файл (pdf; 179 Кб) | ||
| 300 | |a Заглавие с титульного листа. | ||
| 320 | |a [Библиогр.: с. 194 (4 назв.)] | ||
| 330 | |a The article is devoted to developing WITSML-parser component for processing and storage data system. WITSML is open standard based on XML designed for transfer well drilling data. It is described design of parser which implementation based on Reflection, advantages and disadvantages such approach. | ||
| 337 | |a Adobe Reader | ||
| 463 | 1 | |0 (RuTPU)RU\TPU\conf\19196 |t Технологии Microsoft в теории и практике программирования |o сборник трудов XII Всероссийской научно-практической конференции студентов, аспирантов и молодых ученых, г.Томск, 25-26 марта 2015 г. |f Национальный исследовательский Томский политехнический университет (ТПУ), Институт кибернетики ; ред. кол. А. В. Лиепиньш [и др.] |v [С. 192-194] |d 2015 | |
| 610 | 1 | |a электронный ресурс | |
| 610 | 1 | |a труды учёных ТПУ | |
| 610 | 1 | |a документы | |
| 610 | 1 | |a WITSML | |
| 610 | 1 | |a XML | |
| 610 | 1 | |a reflection | |
| 610 | 1 | |a NET Framework | |
| 610 | 1 | |a DOM-парсеры | |
| 700 | 1 | |a Черкашин |b А. Ю. |c специалист в области информатики и вычислительной техники |c техник Томского политехнического университета |f 1991- |g Андрей Юрьевич |2 stltpush |3 (RuTPU)RU\TPU\pers\33053 | |
| 701 | 1 | |a Тузовский |b А. Ф. |c специалист в области информатики и вычислительной техники |c профессор Томского политехнического университета, доктор технических наук |f 1952- |g Анатолий Федорович |2 stltpush |3 (RuTPU)RU\TPU\pers\25952 | |
| 702 | 1 | |a Тузовский |b А. Ф. |c специалист в области информатики и вычислительной техники |c профессор Томского политехнического университета, доктор технических наук |f 1952- |g Анатолий Федорович |2 stltpush |4 727 | |
| 712 | 0 | 2 | |a Национальный исследовательский Томский политехнический университет (ТПУ) |b Институт кибернетики (ИК) |b Кафедра оптимизации систем управления (ОСУ) |h 127 |2 stltpush |3 (RuTPU)RU\TPU\col\18702 |
| 801 | 2 | |a RU |b 63413507 |c 20210205 |g RCR | |
| 856 | 4 | |u http://earchive.tpu.ru/handle/11683/23867 | |
| 856 | 4 | |u http://www.lib.tpu.ru/fulltext/c/2015/C28/086.pdf | |
| 942 | |c BK | ||